| 000 | 01137cam a2200337 a 4500 | ||
|---|---|---|---|
| 999 |
_c7469 _d7469 |
||
| 001 | 15420066 | ||
| 003 | GZU | ||
| 005 | 20210510154030.0 | ||
| 008 | 080820s2005 enka f 001 0 eng d | ||
| 010 | _a 2008426608 | ||
| 020 | _a0077108094 (pbk.) | ||
| 020 | _a9780077108090 (pbk.) | ||
| 035 | _a(OCoLC)ocm57200307 | ||
| 040 |
_aUKM _cUKM _dYDXCP _dDLC |
||
| 042 | _alccopycat | ||
| 050 | 0 | 0 |
_aHF5635 _b.DAV 2005 |
| 100 | 1 |
_aDavies, Tony. _eauthor |
|
| 245 | 1 | 0 |
_aBusiness accounting and finance / _cTony Davies and Tony Boczko. |
| 250 | _a2nd ed. | ||
| 260 |
_aMaidenhead : _bMcGraw-Hill Education, _cc2005. |
||
| 300 |
_axxiii, 767 p. : _bill. ; _c26 cm. |
||
| 500 | _aPrevious ed.: 2002. | ||
| 500 | _aIncludes index. | ||
| 650 | 0 | _aAccounting. | |
| 650 | 0 |
_aAccounting _vProblems, exercises, etc. |
|
| 650 | 0 |
_aBusiness enterprises _xFinance. |
|
| 650 | 0 |
_aBusiness enterprises _xFinance _vProblems, exercises, etc. |
|
| 906 |
_a7 _bcbc _ccopycat _d2 _encip _f20 _gy-gencatlg |
||
| 942 |
_2lcc _cBK _e2nd edition _h5635 _iDAV _kHF |
||